000
00256nam a22001097a 4500
082
_a
100
100
_a
Vivekananda,Swami
_9
79595
245
_a
The Book of Yoga
260
_a
Mumbai
_b
Jaico Publication
_c
2023
650
_a
Philoshophy
_9
80188
942
_c
BK
999
_c
66767
_d
66767